| 000 | 01044nam a2200277Ia 4500 | ||
|---|---|---|---|
| 003 | OSt | ||
| 005 | 20220923211130.0 | ||
| 006 | a|||||r|||| 00| 0 | ||
| 007 | ta | ||
| 008 | 220922b |||||||| |||| 00| 0 hin d | ||
| 020 |
_a8185127824 (pbk) _c25 |
||
| 024 | _a352,021 | ||
| 037 |
_bGV724, 11/03/2020, Vani Prakashan _cTextual |
||
| 040 |
_aARTS _cARTS _bhin |
||
| 041 |
_2hin _ahin |
||
| 082 | _aO152,3N3311x, N8 | ||
| 100 |
_aभल्ला, महेन्द्र, ले. _9158577 |
||
| 245 | 0 |
_aकुत्तेगीरी _b कथा संचयन |
|
| 246 | _aKuttegīrī: kathā sanchayana | ||
| 260 |
_aबेकानेर _b वाग्देवी पॉकेट बुक्स _c1998 |
||
| 300 |
_a144पृ. _ccm. |
||
| 650 |
_a हिन्दी साहित्य _9156264 |
||
| 650 | _aहिन्दी कहानी | ||
| 942 |
_hO152,3N3311x, N8 _cTEXL _2CC |
||
| 999 |
_c295749 _d295749 |
||